000 00749nam a2200217 a 4500
001 BRCA_1866
005 20190320203600.0
008 090608s1984----mx-#---###---#000-0#spa-#
041 _aspa
044 _amx
050 4 _aAM5
_b.I36 1984
245 1 0 _aEl museo mexicano
_bfunciones y responsabilidades.
260 _aMéxico
_bComité Nacional Mexicano del ICOM
_c1984
300 _a154 p.
_c28 cm.
500 _aMemoria del III Coloquio Nacional de Museos realizado en la Casa de Cultura de la Ciudad de Morelia (Michoacán, México), 23-26 agosto, 1984
500 _aEjemplar engargolado
500 _aPor política no se presta a domicilio
650 1 4 _aMuseos
_vCongresos
_xAdministración
_zMéxico
_95783
902 _aeng
942 _2lcc
_cB
999 _c1644
_d1644